00350 a2200097 4500001001000000005001700010008004100027245009500068100002200163773006700185ART_4268220260410162006.0260409a 10aEl deber de prevención y su regulación en el Código Civil y Comercial de la Nación1 aWeingarten, Celia0 tTemas de derecho civilg- Año 3, Nº 7 (jul. 2017)wREV34778